| 000 | 01772nam0a2200421 4500 | ||
|---|---|---|---|
| 001 | RU\NLR\BIBL_A\016314234 | ||
| 005 | 20230727144908.0 | ||
| 010 |
_a978-5-04-110904-2 _95000 |
||
| 021 |
_aRU _bКН-П-23-007460 _9КН-П-23-0716 |
||
| 035 | _a(NLR Aleph) 016314234 | ||
| 035 | _a(RuMoRGB)011577363 | ||
| 090 |
_a13012145 _c13012145 |
||
| 100 | _a20230317d2023 u y0rusy50 ca | ||
| 101 | 1 |
_arus _cfre |
|
| 102 | _aRU | ||
| 105 | _ay|||z|||000zy | ||
| 181 | 0 |
_ai _baxxe |
|
| 182 | 0 | _an | |
| 200 | 1 |
_aВедьмак. История франшизы _eот фэнтези до культовой игровой саги _fРафаэль Люка _gперевод с французского А. А. Полуниной |
|
| 203 |
_aТекст _bвизуальный _cнепосредственный |
||
| 210 |
_aМосква _cБомбора _cЭксмо _d2023 |
||
| 215 |
_a238 с. _d22 |
||
| 225 | 1 | _aЛегендарные компьютерные игры | |
| 300 | _aЗагл. и авт. ориг.: L'histoire de the witcher / Raphaël Lucas | ||
| 333 | _a12+ | ||
| 454 | 0 |
_12001#$aL'histoire de the witcher$fRaphaël Lucas _1700#1$aLucas$bR.$gRaphael |
|
| 604 |
_1700#1$aСапковский$bА.$gАнджей$f1948 _1500##$a"Сага о ведьмаке"$2nlr_sh2$3RU\NLR\AUTH\6601722214 |
||
| 605 |
_a"Ведьмак" _lролевая компьютерная игра _2nlr_sh2 _3RU\NLR\AUTH\6601592088 |
||
| 675 |
_a794:004.946 _v4 |
||
| 686 |
_a77.563.4 _2rubbks |
||
| 686 | 1 | _aШ5(4П)7-4Сапковский534 | |
| 686 | 1 | _aЗ973.23-018.911 | |
| 700 | 1 |
_aЛюка _bР. _gРафаэль |
|
| 942 | _cBOOK | ||
| 980 | _aNB | ||